000 00399 a2200121 4500
001 ART_22824
005 20260410161701.0
008 260409a
245 1 0 _a¿La competencia por deudores recién incorporados perjudica el acceso al crédito?
100 1 _aBalzarotti, Verónica
700 1 _aAnastasi, Alejandra
773 0 _tEnsayos Económicos
_g- Nº 69 (dic. 2013)
_wREV620
999 _c15196
_d15196